|
|
|
|
| LEADER |
00000nam a22000007a 4500 |
| 005 |
20220817004915.0 |
| 007 |
cr|||| |||| |
| 008 |
220817s2022 br |||||s|||| 00||0 por d |
| 020 |
|
|
|a 978655378018-7
|
| 035 |
|
|
|a 36834
|
| 040 |
|
|
|a vLex
|
| 090 |
|
|
|c 13712
|d 13712
|
| 100 |
1 |
|
|a de Souza Peragene, Fb̀io
|
| 245 |
1 |
1 |
|a O princp̕io da igualdade de gn̊eros no esporte
|h [Recurso electrn̤ico] /
|c Fb̀io de Souza Peragene
|
| 256 |
|
|
|a Servicio en ln̕ea
|
| 260 |
|
|
|a Rio de Janeiro:
|b Editora Processo,
|c 2022
|
| 300 |
|
|
|a 1 recurso electrn̤ico
|
| 500 |
|
|
|a Esta obra, denominada O Princp̕io da Igualdade de Gn̊eros no Esporte, ̌um estudo que foi desenvolvido durante o mestrado, no qual traz uma reflexô a respeito das diferenȧs que ainda assolam e perpetuam a realidade atual das mulheres, enquanto grupo social, e as suas posiė̳s em contextos econm̥icos, sociais, polt̕icos e culturais, enfatizando principalmente essas dificuldades no campo desportivo, seja em atuaȯ̂ profissional ou amadora. O livro tem o intuito de contribuir para amadores, profissionais do esporte, empresr̀ios, operadores do direito e tambm̌ para os apaixonados pelo esporte. Trata-se de um estudo com enfoque jurd̕ico desportivo, trazendo um debate de forma objetiva a respeito da igualdade e direito entre os gn̊eros no esporte.
|
| 506 |
1 |
|
|a Disponible solo en los productos indicados
|d vLex Global
|d vLex Global (Academic Edition, excluding Law Schools)
|d vLex Global (U.S. Academic Edition, Law Schools)
|d vLex Global (U.S. Academic Edition, excluding Law Schools)
|d vLex Global (Academic Edition, Law Schools)
|
| 650 |
0 |
4 |
|a Deportes
|z Brasil
|
| 650 |
0 |
4 |
|a Deporte
|z Brasil
|
| 740 |
0 |
|
|a vLex Libros (Servicio en ln̕ea)
|
| 856 |
4 |
0 |
|u https://app.vlex.com/#/sources/36834
|z Acceso restringido
|
| 942 |
|
|
|c BOOK
|
| 999 |
0 |
|
|a Sports
|
| 999 |
0 |
|
|a Sport
|